[Event "Terre degli Elimi op 5th"]
[Site "Erice"]
[Date "2014.07.25"]
[Round "9"]
[White "Levitt, Jonathan"]
[Black "Dijkhuis, Tycho"]
[Result "1/2-1/2"]
[WhiteElo "2420"]
[BlackElo "2321"]
[PlyCount "29"]
[EventDate "2014.07.19"]
[EventType "swiss"]
[EventRounds "9"]
[EventCountry "ITA"]
[SourceTitle "CBM 161 Extra"]
[Source "ChessBase"]
[SourceDate "2014.08.29"]
[SourceVersion "1"]
[SourceVersionDate "2014.08.29"]
[SourceQuality "1"]

1. d4 Nf6 2. c4 c5 3. Nf3 cxd4 4. Nxd4 g6 5. Nc3 d5 6. cxd5 Nxd5 7. Ndb5 Nxc3 8. Qxd8+ Kxd8 9. Nxc3 Bg7 10. g3 Bd7 11. Bd2 Bc6 12. f3 Nd7 13. Bh3 e6 14. 0-0 Ke7 15. Rfd1 1/2-1/2

[Event "Terre degli Elimi op 5th"]
[Site "Erice"]
[Date "2014.07.20"]
[Round "2"]
[White "Levitt, Jonathan"]
[Black "Santagati, Alessandro"]
[Result "1/2-1/2"]
[WhiteElo "2420"]
[BlackElo "2216"]
[PlyCount "74"]
[EventDate "2014.07.19"]
[EventType "swiss"]
[EventRounds "9"]
[EventCountry "ITA"]
[SourceTitle "CBM 161 Extra"]
[Source "ChessBase"]
[SourceDate "2014.08.29"]
[SourceVersion "1"]
[SourceVersionDate "2014.08.29"]
[SourceQuality "1"]

1. d4 Nf6 2. c4 c5 3. d5 e6 4. Nc3 exd5 5. cxd5 d6 6. e4 g6 7. f4 Bg7 8. Bb5+ Nfd7 9. a4 0-0 10. Nf3 Na6 11. 0-0 Nb4 12. Ra3 a6 13. Bxd7 Bxd7 14. f5 gxf5 15. Bg5 Qc7 16. Nh4 c4 17. Nxf5 Bxf5 18. Rxf5 Qb6+ 19. Kf1 Nd3 20. Qg4 Kh8 21. Nd1 Rae8 22. Qh4 Qd4 23. Be7 Rxe7 24. Qxe7 Nxb2 25. Nxb2 Qxb2 26. Raf3 Rg8 27. g3 c3 28. Rxc3 Qxc3 29. Rxf7 Qd2 30. Qxd6 Qd3+ 31. Kg2 Qxe4+ 32. Kh3 Be5 33. Qe7 Qg4+ 34. Kg2 Qe2+ 35. Kh3 Qh5+ 36. Kg2 Qe2+ 37. Kh3 Qh5+ 1/2-1/2

[Event "Terre degli Elimi op 5th"]
[Site "Erice"]
[Date "2014.07.19"]
[Round "1"]
[White "Peat, Matthew"]
[Black "Levitt, Jonathan"]
[Result "0-1"]
[WhiteElo "2056"]
[BlackElo "2420"]
[PlyCount "50"]
[EventDate "2014.07.19"]
[EventType "swiss"]
[EventRounds "9"]
[EventCountry "ITA"]
[SourceTitle "CBM 161 Extra"]
[Source "ChessBase"]
[SourceDate "2014.08.29"]
[SourceVersion "1"]
[SourceVersionDate "2014.08.29"]
[SourceQuality "1"]

1. c4 e5 2. g3 d6 3. Bg2 g6 4. Nc3 Bg7 5. e4 Nc6 6. Nge2 f5 7. 0-0 Nf6 8. d3 0-0 9. Nd5 Nxd5 10. cxd5 Nd4 11. Nxd4 exd4 12. b4 Bd7 13. Qb3 fxe4 14. Bxe4 Bh3 15. Re1 Qf6 16. f3 Rae8 17. Rb1 Qxf3 18. Bxf3 Rxe1+ 19. Kf2 Rf1+ 20. Ke2 R8xf3 21. Be3 Rxe3+ 22. Kd2 Rf2+ 23. Kd1 Bg4+ 24. Kc1 Re1+ 25. Qd1 Rxd1# 0-1

[Event "Staunton Memorial 4th"]
[Site "London/Crowthorne"]
[Date "2006.08.23"]
[Round "9"]
[White "Levitt, Jonathan"]
[Black "L'Ami, Erwin"]
[Result "0-1"]
[WhiteElo "2431"]
[BlackElo "2586"]
[PlyCount "116"]
[EventDate "2006.08.14"]
[EventType "tourn"]
[EventRounds "11"]
[EventCountry "ENG"]
[EventCategory "11"]
[SourceTitle "CBM 113 Extra"]
[Source "ChessBase"]
[SourceDate "2006.09.14"]
[SourceVersion "1"]
[SourceVersionDate "2006.09.14"]
[SourceQuality "1"]

1. d4 Nf6 2. c4 e6 3. Nc3 Bb4 4. e3 b6 5. Nge2 Ba6 6. a3 Be7 7. Ng3 d5 8. Qf3 c6 9. b3 0-0 10. Bb2 Bb7 11. Rd1 Nbd7 12. e4 dxe4 13. Ncxe4 Qc7 14. Bd3 Nxe4 15. Qxe4 g6 16. Qe3 Bf6 17. 0-0 Rad8 18. Ne4 Bg7 19. Rd2 c5 20. dxc5 Bxb2 21. Rxb2 Bxe4 22. Bxe4 Qe5 23. Re2 Nxc5 24. b4 Nxe4 25. Qxe4 Qxe4 26. Rxe4 Rd3 27. Re3 Rfd8 28. c5 bxc5 29. bxc5 Kf8 30. g3 Rxe3 31. fxe3 Rb8 32. Rf4 Rb1+ 33. Kf2 Rc1 34. Ra4 Rxc5 35. Rxa7 Rc2+ 36. Kf3 Rxh2 37. a4 h5 38. a5 Ra2 39. a6 Kg7 40. Kf4 Kf6 41. Ra8 Ra4+ 42. Kf3 Kg5 43. a7 Kf5 44. Rb8 Rxa7 45. Rb5+ Kf6 46. g4 hxg4+ 47. Kxg4 Ra4+ 48. Kf3 g5 49. e4 Ra3+ 50. Kf2 Kg6 51. Rb8 Ra4 52. Kf3 f5 53. exf5+ exf5 54. Rg8+ Kf6 55. Rf8+ Ke6 56. Re8+ Kf7 57. Rb8 Ra3+ 58. Kf2 Kg6 0-1

[Event "Staunton Memorial 4th"]
[Site "London/Crowthorne"]
[Date "2006.08.18"]
[Round "5"]
[White "Wells, Peter K"]
[Black "Levitt, Jonathan"]
[Result "1/2-1/2"]
[WhiteElo "2480"]
[BlackElo "2431"]
[PlyCount "46"]
[EventDate "2006.08.14"]
[EventType "tourn"]
[EventRounds "11"]
[EventCountry "ENG"]
[EventCategory "11"]
[SourceTitle "CBM 113 Extra"]
[Source "ChessBase"]
[SourceDate "2006.09.14"]
[SourceVersion "1"]
[SourceVersionDate "2006.09.14"]
[SourceQuality "1"]

1. e4 e6 2. d4 d5 3. Nd2 c5 4. Ngf3 cxd4 5. Nxd4 Nc6 6. Bb5 Bd7 7. Nxc6 Bxc6 8. Bxc6+ bxc6 9. c4 Qa5 10. Qc2 d4 11. 0-0 Rd8 12. Nf3 c5 13. Ne5 Ne7 14. a3 f6 15. Bd2 Qa6 16. Nd3 Ng6 17. b4 Rc8 18. f4 Be7 19. f5 Ne5 20. b5 Qb7 21. Nxe5 fxe5 22. fxe6 Bf6 23. a4 0-0 1/2-1/2

[Event "BCF-chT 0506 (4NCL)"]
[Site "Birmingham"]
[Date "2006.01.15"]
[Round "6.2"]
[White "Levitt, Jonathan"]
[Black "Parker, Jonathan"]
[Result "1/2-1/2"]
[WhiteElo "2448"]
[BlackElo "2504"]
[PlyCount "33"]
[EventDate "2005.10.22"]
[EventType "team"]
[EventRounds "11"]
[EventCountry "ENG"]
[SourceTitle "EXT 2007"]
[Source "ChessBase"]
[SourceDate "2006.11.23"]
[SourceVersion "1"]
[SourceVersionDate "2006.11.23"]
[SourceQuality "1"]
[WhiteTeam "Wood Green II"]
[BlackTeam "Barbican"]
[WhiteTeamCountry "ENG"]
[BlackTeamCountry "ENG"]

1. d4 Nf6 2. c4 e6 3. Nc3 Bb4 4. e3 0-0 5. Bd3 d5 6. a3 Bxc3+ 7. bxc3 dxc4 8. Bxc4 c5 9. Nf3 Qa5 10. Bd2 Ne4 11. Bd3 Nxd2 12. Qxd2 Nd7 13. 0-0 b6 14. Qc2 h6 15. Rfb1 Ba6 16. a4 cxd4 17. cxd4 1/2-1/2

[Event "BCF-chT 0506 (4NCL)"]
[Site "Birmingham"]
[Date "2006.01.14"]
[Round "5.2"]
[White "Hennigan, Michael"]
[Black "Levitt, Jonathan"]
[Result "1-0"]
[WhiteElo "2400"]
[BlackElo "2448"]
[PlyCount "85"]
[EventDate "2005.10.22"]
[EventType "team"]
[EventRounds "11"]
[EventCountry "ENG"]
[SourceTitle "EXT 2007"]
[Source "ChessBase"]
[SourceDate "2006.11.23"]
[SourceVersion "1"]
[SourceVersionDate "2006.11.23"]
[SourceQuality "1"]
[WhiteTeam "The ADS"]
[BlackTeam "Wood Green II"]
[WhiteTeamCountry "ENG"]
[BlackTeamCountry "ENG"]

1. g3 d5 2. Bg2 c6 3. d3 e5 4. Nf3 Bd6 5. 0-0 Nf6 6. Nc3 0-0 7. e4 Re8 8. Nd2 Bb4 9. a3 Bf8 10. h3 Na6 11. b4 Nc7 12. Nb3 Rb8 13. Bb2 b6 14. f4 exf4 15. gxf4 dxe4 16. dxe4 Ba6 17. Rf2 Qxd1+ 18. Rxd1 Rbd8 19. Rfd2 Rxd2 20. Rxd2 Nh5 21. f5 Bc8 22. Ne2 g6 23. fxg6 hxg6 24. e5 Nd5 25. c4 Ne7 26. Rd6 Be6 27. Bxc6 Nxc6 28. Rxc6 Bxh3 29. Rc7 Bg4 30. Kf2 Re7 31. Rxe7 Bxe7 32. Nbd4 Bh4+ 33. Ke3 Bd7 34. c5 Bg5+ 35. Ke4 Kf8 36. c6 Bc8 37. Nb5 Bf5+ 38. Kd5 Be6+ 39. Kd6 a6 40. Nbd4 Be7+ 41. Kc7 a5 42. Nxe6+ fxe6 43. Kxb6 1-0

[Event "BCF-chT 0506 (4NCL)"]
[Site "Birmingham"]
[Date "2005.11.20"]
[Round "4.3"]
[White "Levitt, Jonathan"]
[Black "Haslinger, Stewart"]
[Result "1/2-1/2"]
[WhiteElo "2448"]
[BlackElo "2426"]
[PlyCount "156"]
[EventDate "2005.10.22"]
[EventType "team"]
[EventRounds "11"]
[EventCountry "ENG"]
[SourceTitle "EXT 2007"]
[Source "ChessBase"]
[SourceDate "2006.11.23"]
[SourceVersion "1"]
[SourceVersionDate "2006.11.23"]
[SourceQuality "1"]
[WhiteTeam "Wood Green II"]
[BlackTeam "Numerica 3CS"]
[WhiteTeamCountry "ENG"]
[BlackTeamCountry "ENG"]

1. d4 d5 2. c4 c6 3. cxd5 cxd5 4. Bf4 Nc6 5. e3 Nf6 6. Nc3 a6 7. Bd3 Bg4 8. Nge2 e6 9. 0-0 Be7 10. a3 0-0 11. Na4 Nd7 12. b4 Re8 13. Qb1 Bxe2 14. Bxe2 b5 15. Nc5 e5 16. dxe5 Bxc5 17. bxc5 Ncxe5 18. Rc1 Nc4 19. a4 Nxc5 20. axb5 axb5 21. Qxb5 Ne6 22. Bg3 Nd4 23. exd4 Rxe2 24. Rxa8 Qxa8 25. Qb8+ Qxb8 26. Bxb8 Rd2 27. Ba7 h6 28. h3 Nd6 29. Rb1 Ne4 30. Rb8+ Kh7 31. Rd8 Nc3 32. g3 Nb5 33. Rd7 Kg6 34. Kg2 Nc3 35. Rd6+ f6 36. h4 Rxf2+ 37. Kxf2 Ne4+ 38. Kf3 Nxd6 39. Bc5 Nb5 40. g4 h5 41. Kf4 hxg4 42. Kxg4 Nc3 43. Bb4 Ne2 44. h5+ Kf7 45. Bc5 Nc3 46. Kf5 Ne4 47. Bb4 Ng3+ 48. Kg4 Ne2 49. Bc5 Kg8 50. Kf5 Kh7 51. Kg4 Kh6 52. Bb6 Nc3 53. Bc7 Nb5 54. Bf4+ g5 55. hxg6+ Kxg6 56. Be3 Nc7 57. Bf2 Ne6 58. Be3 f5+ 59. Kf3 Kf6 60. Kg3 Kg6 61. Kf3 Ng7 62. Bf4 Kf7 63. Be3 Nh5 64. Bd2 Ke6 65. Be3 Kd7 66. Bd2 Kc6 67. Bb4 Kd7 68. Ba5 Kd6 69. Bb4+ Kc6 70. Ba3 Kb5 71. Bd6 Ng7 72. Kf4 Kc4 73. Be5 Ne6+ 74. Kxf5 Nxd4+ 75. Kf4 Nc6 76. Bh8 Ne7 77. Ke3 Nf5+ 78. Kd2 d4 1/2-1/2

[Event "BCF-chT 0506 (4NCL)"]
[Site "Birmingham"]
[Date "2005.10.22"]
[Round "1.3"]
[White "Webb, Laurence"]
[Black "Levitt, Jonathan"]
[Result "0-1"]
[WhiteElo "2336"]
[BlackElo "2448"]
[PlyCount "96"]
[EventDate "2005.10.22"]
[EventType "team"]
[EventRounds "11"]
[EventCountry "ENG"]
[SourceTitle "EXT 2007"]
[Source "ChessBase"]
[SourceDate "2006.11.23"]
[SourceVersion "1"]
[SourceVersionDate "2006.11.23"]
[SourceQuality "1"]
[WhiteTeam "BET"]
[BlackTeam "Wood Green II"]
[WhiteTeamCountry "ENG"]
[BlackTeamCountry "ENG"]

1. e4 e6 2. d4 d5 3. exd5 exd5 4. Nf3 Nf6 5. Bd3 Be7 6. 0-0 Bg4 7. Re1 0-0 8. c3 Nbd7 9. Bg5 c5 10. Nbd2 c4 11. Bf1 b5 12. Qc2 Bh5 13. Ne5 Nxe5 14. dxe5 Bg6 15. exf6 gxf6 16. Qd1 fxg5 17. Nf3 Bf6 18. Nd4 Qb6 19. Qg4 h5 20. Qf3 Bxd4 21. cxd4 Qxd4 22. Rad1 Qxb2 23. Qxd5 Rad8 24. Qxg5 Rxd1 25. Rxd1 Re8 26. a4 c3 27. Rd6 Qb1 28. h4 Qf5 29. Qh6 b4 30. g3 c2 31. Bc4 Re1+ 32. Bf1 Qc8 33. Rxg6+ fxg6 34. Qxg6+ Kf8 35. Qh6+ Ke8 36. Qh8+ Kd7 37. Qd4+ Ke6 38. Kh2 Rxf1 39. Qe4+ Kf6 40. Qf4+ Qf5 41. Qd6+ Qe6 42. Qf4+ Kg7 43. Qc7+ Kf6 44. Qf4+ Kg7 45. Qg5+ Qg6 46. Qe7+ Qf7 47. Qe5+ Qf6 48. Qc7+ Kh6 0-1

[Event "Staunton Memorial 3rd"]
[Site "London"]
[Date "2005.08.22"]
[Round "4"]
[White "Levitt, Jonathan"]
[Black "Houska, Jovanka"]
[Result "0-1"]
[WhiteElo "2441"]
[BlackElo "2342"]
[PlyCount "90"]
[EventDate "2005.08.19"]
[EventType "tourn"]
[EventRounds "10"]
[EventCountry "ENG"]
[EventCategory "7"]
[SourceTitle "CBM 108 Extra"]
[Source "ChessBase"]
[SourceDate "2005.11.04"]
[SourceVersion "1"]
[SourceVersionDate "2005.11.04"]
[SourceQuality "1"]

1. d4 d5 2. c4 e6 3. Nf3 Be7 4. Nc3 Nf6 5. Bg5 h6 6. Bh4 0-0 7. Qc2 a6 8. e3 dxc4 9. Bxc4 b5 10. Bxf6 Bxf6 11. Bd3 Bb7 12. Bh7+ Kh8 13. Be4 c6 14. h4 Nd7 15. g4 Be7 16. 0-0-0 Qa5 17. g5 h5 18. Kb1 Rab8 19. Ne2 c5 20. Nf4 b4 21. Bxb7 Rxb7 22. g6 b3 23. axb3 f6 24. Nxe6 c4 25. Qxc4 Qf5+ 26. e4 Qxe4+ 27. Qd3 Qxe6 28. Rhe1 Qd5 29. Rxe7 Rxb3 30. Rxd7 Rxd3 31. Rxd5 Rxd1+ 32. Kc2 Rf1 33. Kd3 Rxf2 34. Ke3 Rg2 35. Rxh5+ Kg8 36. Ra5 Rb8 37. Rxa6 Rxg6 38. Kf4 Rg2 39. Ra3 Rgxb2 40. d5 R2b3 41. Ra4 R3b4+ 42. Rxb4 Rxb4+ 43. Kf5 Kf7 44. h5 Ra4 45. d6 Ra6 0-1

[Event "Staunton Memorial 3rd"]
[Site "London"]
[Date "2005.08.19"]
[Round "1"]
[White "Levitt, Jonathan"]
[Black "Speelman, Jonathan S"]
[Result "1/2-1/2"]
[WhiteElo "2441"]
[BlackElo "2549"]
[PlyCount "23"]
[EventDate "2005.08.19"]
[EventType "tourn"]
[EventRounds "10"]
[EventCountry "ENG"]
[EventCategory "7"]
[SourceTitle "CBM 108 Extra"]
[Source "ChessBase"]
[SourceDate "2005.11.04"]
[SourceVersion "1"]
[SourceVersionDate "2005.11.04"]
[SourceQuality "1"]

1. d4 d6 2. Nf3 Bg4 3. c4 Nd7 4. Nc3 e5 5. d5 Be7 6. e3 Ngf6 7. Be2 a5 8. Nd2 Bxe2 9. Qxe2 Nc5 10. 0-0 0-0 11. b3 Nfd7 12. e4 1/2-1/2

[Event "BCF-chT 0405 (4NCL)"]
[Site "West Bromwich"]
[Date "2005.01.22"]
[Round "5.2"]
[White "Hebden, Mark"]
[Black "Levitt, Jonathan"]
[Result "1/2-1/2"]
[WhiteElo "2521"]
[BlackElo "2441"]
[PlyCount "81"]
[EventDate "2004.09.18"]
[EventType "team"]
[EventRounds "11"]
[EventCountry "ENG"]
[SourceTitle "EXT 2006"]
[Source "ChessBase"]
[SourceDate "2005.11.24"]
[SourceVersion "1"]
[SourceVersionDate "2005.11.24"]
[SourceQuality "1"]
[WhiteTeam "Guildford"]
[BlackTeam "Wood Green II"]
[WhiteTeamCountry "ENG"]
[BlackTeamCountry "ENG"]

1. d4 f5 2. g3 Nf6 3. Bg2 g6 4. Nf3 Bg7 5. 0-0 0-0 6. c4 d6 7. Nc3 c6 8. Rb1 e6 9. b4 Qe7 10. Qb3 Nbd7 11. Rd1 Ne4 12. Bb2 d5 13. b5 Rd8 14. bxc6 bxc6 15. cxd5 Rb8 16. d6 Qxd6 17. Qc2 Nxc3 18. Qxc3 c5 19. Ba3 Rxb1 20. Rxb1 Qa6 21. e3 Bb7 22. Bxc5 Rc8 23. Qa3 Nxc5 24. Qxa6 Bxa6 25. dxc5 Rxc5 26. Ng5 Bc4 27. Rb8+ Bf8 28. Nxh7 Kxh7 29. Rxf8 Bxa2 30. Bf3 a5 31. Ra8 Bb3 32. h4 Kg7 33. g4 fxg4 34. Bxg4 Rc1+ 35. Kh2 a4 36. Ra7+ Kf6 37. e4 Ke5 38. Ra6 Ra1 39. f4+ Kxf4 40. Bxe6 Bxe6 41. Rxe6 1/2-1/2

[Event "Staunton Memorial 2nd"]
[Site "London"]
[Date "2004.08.27"]
[Round "4"]
[White "King, Daniel J"]
[Black "Levitt, Jonathan"]
[Result "1/2-1/2"]
[WhiteElo "2512"]
[BlackElo "2432"]
[PlyCount "71"]
[EventDate "2004.08.23"]
[EventType "tourn"]
[EventRounds "6"]
[EventCountry "ENG"]
[EventCategory "9"]
[SourceTitle "CBM 103"]
[Source "ChessBase"]
[SourceDate "2004.11.11"]
[SourceVersion "1"]
[SourceVersionDate "2004.11.11"]
[SourceQuality "1"]

1. e4 e6 2. d4 d5 3. Nc3 Bb4 4. exd5 exd5 5. Bd3 Nc6 6. a3 Bxc3+ 7. bxc3 Be6 8. Rb1 Na5 9. Ne2 Nf6 10. 0-0 Qd7 11. Nf4 0-0 12. Nxe6 fxe6 13. Qe2 a6 14. a4 Rf7 15. Re1 Re8 16. Bg5 Qc6 17. g3 Nc4 18. Bxf6 Rxf6 19. Bxc4 dxc4 20. Qe4 Qxe4 21. Rxe4 Rb8 22. Kg2 Kf7 23. g4 h5 24. h3 hxg4 25. hxg4 Rg6 26. Kg3 Rg5 27. Rb4 b5 28. Rb1 Rd5 29. axb5 axb5 30. Ra1 Rb7 31. Ra8 c5 32. dxc5 Rxc5 33. Rf4+ Kg6 34. Ra6 Re5 35. Rd6 Rf7 36. Rxf7 1/2-1/2

[Event "BCF-chT 0304 (4NCL)"]
[Site "West Bromwich"]
[Date "2004.05.22"]
[Round "10.3"]
[White "Levitt, Jonathan"]
[Black "Thomas, Nicholas"]
[Result "1-0"]
[WhiteElo "2425"]
[BlackElo "2263"]
[PlyCount "45"]
[EventDate "2003.10.18"]
[EventType "team"]
[EventRounds "11"]
[EventCountry "ENG"]
[SourceTitle "EXT 2005"]
[Source "ChessBase"]
[SourceDate "2004.11.15"]
[SourceVersion "1"]
[SourceVersionDate "2004.11.15"]
[SourceQuality "1"]
[WhiteTeam "Wood Green II"]
[BlackTeam "Warwicks Select"]
[WhiteTeamCountry "ENG"]
[BlackTeamCountry "ENG"]

1. d4 f5 2. Nc3 Nf6 3. Bg5 d5 4. e3 Be6 5. Bd3 Nc6 6. Nf3 g6 7. Bb5 Nd7 8. Ne2 Bf7 9. c4 h6 10. cxd5 Bxd5 11. Bh4 a6 12. Bxc6 bxc6 13. Nf4 Bf7 14. Nd3 g5 15. Bg3 Bg7 16. 0-0 0-0 17. Rc1 Bd5 18. Nb4 e5 19. Nxd5 cxd5 20. Bxe5 Nxe5 21. Nxe5 Bxe5 22. dxe5 Qd7 23. Qc2 1-0

[Event "BCF-chT 0304 (4NCL)"]
[Site "West Bromwich"]
[Date "2004.05.02"]
[Round "8.3"]
[White "Levitt, Jonathan"]
[Black "Lyell, Mark"]
[Result "1-0"]
[WhiteElo "2425"]
[BlackElo "2254"]
[PlyCount "87"]
[EventDate "2003.10.18"]
[EventType "team"]
[EventRounds "11"]
[EventCountry "ENG"]
[SourceTitle "EXT 2005"]
[Source "ChessBase"]
[SourceDate "2004.11.15"]
[SourceVersion "1"]
[SourceVersionDate "2004.11.15"]
[SourceQuality "1"]
[WhiteTeam "Wood Green II"]
[BlackTeam "The ADS"]
[WhiteTeamCountry "ENG"]
[BlackTeamCountry "ENG"]

1. d4 f5 2. Nc3 d6 3. e4 Nf6 4. exf5 Bxf5 5. Bd3 Qd7 6. Nf3 Nc6 7. Be3 e5 8. Bxf5 Qxf5 9. 0-0 Be7 10. dxe5 dxe5 11. Qe2 0-0-0 12. Rfd1 Rhe8 13. Rxd8+ Rxd8 14. Rd1 Rxd1+ 15. Qxd1 Bb4 16. Nd5 Qe4 17. Nxf6 gxf6 18. h3 Ne7 19. a3 Bd6 20. Bxa7 Nf5 21. Nd2 Qf4 22. g3 Nxg3 23. Be3 Qh4 24. Qg4+ Qxg4 25. hxg4 Ne2+ 26. Kg2 Kd7 27. Kf3 Ng1+ 28. Ke4 Ke6 29. a4 Ne2 30. Nc4 Bb4 31. c3 Bxc3 32. Kd3 Bxb2 33. Nxb2 Ng1 34. Ke4 Ne2 35. Nd1 c6 36. Kd3 Ng1 37. Ke4 Ne2 38. a5 Ng1 39. f4 Ne2 40. f5+ Kd6 41. Kd3 Ng3 42. Bf2 Nf1 43. Ke2 Nh2 44. Ne3 1-0

[Event "BCF-chT 0304 (4NCL)"]
[Site "West Bromwich"]
[Date "2004.03.20"]
[Round "5.6"]
[White "Levitt, Jonathan"]
[Black "Twyble, Michael"]
[Result "1-0"]
[WhiteElo "2425"]
[BlackElo "2245"]
[PlyCount "92"]
[EventDate "2003.10.18"]
[EventType "team"]
[EventRounds "11"]
[EventCountry "ENG"]
[SourceTitle "EXT 2005"]
[Source "ChessBase"]
[SourceDate "2004.11.15"]
[SourceVersion "1"]
[SourceVersionDate "2004.11.15"]
[SourceQuality "1"]
[WhiteTeam "Wood Green II"]
[BlackTeam "Barbican II"]
[WhiteTeamCountry "ENG"]
[BlackTeamCountry "ENG"]

1. d4 d5 2. c4 c6 3. cxd5 cxd5 4. Bf4 Nf6 5. Nc3 e6 6. e3 Be7 7. Bd3 a6 8. Nf3 b5 9. 0-0 Nbd7 10. Ne5 Bb7 11. Qf3 Nxe5 12. dxe5 Nd7 13. Rad1 Qb8 14. Qh5 g6 15. Qh6 Bf8 16. Qh3 Bg7 17. e4 d4 18. Ne2 0-0 19. Nxd4 Bxe5 20. Be3 Bg7 21. Bb1 Nf6 22. f3 Rd8 23. Qh4 Qe5 24. Qf2 Rac8 25. Nb3 Nd7 26. Rd2 Qb8 27. Rfd1 Ne5 28. Na5 Rxd2 29. Qxd2 Nc4 30. Nxc4 bxc4 31. Bf4 Be5 32. Bxe5 Qxe5 33. Qc3 Qc5+ 34. Kf1 Qh5 35. h3 Bc6 36. Bc2 Qg5 37. Kf2 Qc5+ 38. Qd4 Qb5 39. Qc3 Rb8 40. b3 cxb3 41. Bxb3 Qb6+ 42. Qd4 Kf8 43. Qxb6 Rxb6 44. Rd6 Ke7 45. e5 a5 46. Kg3 Ra6 1-0

[Event "EU-chT (Men) 14th"]
[Site "Plovdiv"]
[Date "2003.10.12"]
[Round "2.4"]
[White "Bayram, Yakup"]
[Black "Levitt, Jonathan"]
[Result "1/2-1/2"]
[WhiteElo "2306"]
[BlackElo "2423"]
[PlyCount "68"]
[EventDate "2003.10.10"]
[EventType "team-swiss"]
[EventRounds "9"]
[EventCountry "BUL"]
[SourceTitle "CBM 098"]
[Source "ChessBase"]
[SourceDate "2004.02.03"]
[SourceVersion "1"]
[SourceVersionDate "2004.02.03"]
[SourceQuality "1"]
[WhiteTeam "Turkey"]
[BlackTeam "England"]
[WhiteTeamCountry "TUR"]
[BlackTeamCountry "ENG"]

1. d4 d5 2. c4 c6 3. Nf3 Nf6 4. cxd5 cxd5 5. Nc3 a6 6. g3 e6 7. Bg2 Be7 8. 0-0 Nbd7 9. Ne5 Nxe5 10. dxe5 Nd7 11. e4 dxe4 12. Nxe4 Nxe5 13. Qh5 Nc6 14. Rd1 Qc7 15. b3 0-0 16. Bb2 e5 17. Rac1 Be6 18. Nc5 Bxc5 19. Rxc5 f6 20. Rdc1 Qd7 21. Rxc6 bxc6 22. Bxc6 Qd2 23. Ba3 Qxa2 24. Be4 f5 25. Bxf8 Rxf8 26. Bb1 Qxb3 27. Qe2 Bd5 28. Bd3 Qa3 29. Rd1 Qb3 30. Bxa6 Bf7 31. Re1 e4 32. Rc1 Qf3 33. Qxf3 exf3 34. Bb7 Bh5 1/2-1/2

[Event "BCF-chT 0203 (4NCL)"]
[Site "West Bromwich"]
[Date "2003.05.03"]
[Round "9.4"]
[White "Levitt, Jonathan"]
[Black "Broomfield, Matthew"]
[Result "1-0"]
[WhiteElo "2419"]
[BlackElo "2255"]
[PlyCount "53"]
[EventDate "2002.11.??"]
[EventType "team"]
[EventRounds "11"]
[EventCountry "ENG"]
[SourceTitle "EXT 2004"]
[Source "ChessBase"]
[SourceDate "2003.11.25"]
[SourceVersion "1"]
[SourceVersionDate "2003.11.25"]
[SourceQuality "1"]
[WhiteTeam "Wood Green II"]
[BlackTeam "PYO"]
[WhiteTeamCountry "ENG"]
[BlackTeamCountry "ENG"]

1. d4 Nf6 2. c4 e6 3. Nc3 Bb4 4. e3 b6 5. Nge2 Ne4 6. f3 Nxc3 7. bxc3 Be7 8. Ng3 d5 9. cxd5 exd5 10. Bd3 0-0 11. 0-0 c5 12. e4 cxd4 13. cxd4 Nc6 14. Bb2 Nb4 15. Bb5 a6 16. Ba4 b5 17. Bb3 Be6 18. a3 Nc6 19. f4 f5 20. Nxf5 Rxf5 21. exf5 Bxf5 22. Qf3 Be6 23. Rac1 Rc8 24. Rfe1 Bf7 25. Rc2 h5 26. Rec1 Qd7 27. Qh3 1-0

[Event "BCF-chT 0203 (4NCL)"]
[Site "West Bromwich"]
[Date "2003.04.13"]
[Round "8.2"]
[White "Wall, Gavin"]
[Black "Levitt, Jonathan"]
[Result "1-0"]
[WhiteElo "2362"]
[BlackElo "2419"]
[PlyCount "97"]
[EventDate "2002.11.??"]
[EventType "team"]
[EventRounds "11"]
[EventCountry "ENG"]
[SourceTitle "EXT 2004"]
[Source "ChessBase"]
[SourceDate "2003.11.25"]
[SourceVersion "1"]
[SourceVersionDate "2003.11.25"]
[SourceQuality "1"]
[WhiteTeam "Richmond"]
[BlackTeam "Wood Green II"]
[WhiteTeamCountry "ENG"]
[BlackTeamCountry "ENG"]

1. e4 e6 2. d4 d5 3. e5 c5 4. c3 Nc6 5. Nf3 Bd7 6. dxc5 Bxc5 7. b4 Bb6 8. Bd3 Qc7 9. Bf4 Nge7 10. 0-0 f5 11. Na3 a6 12. h4 Ba7 13. h5 0-0 14. Qd2 b5 15. Nc2 Nc8 16. a4 bxa4 17. Rxa4 Nb8 18. Ra3 Nb6 19. h6 g6 20. Rfa1 Nc4 21. Bxc4 Qxc4 22. Be3 Qg4 23. Bxa7 Rxa7 24. Qe3 Rc7 25. Qb6 Rc6 26. Qb7 Qf4 27. Ncd4 Qxh6 28. Nxc6 Bxc6 29. Qe7 Re8 30. Qd6 Qf8 31. Qxf8+ Kxf8 32. Nd4 Bd7 33. Ra5 Rc8 34. Rc5 Rxc5 35. bxc5 Ke7 36. Rb1 Bb5 37. Nxb5 axb5 38. Rxb5 Nc6 39. Rb7+ Kd8 40. f4 h6 41. Kf2 g5 42. g3 gxf4 43. gxf4 h5 44. Kg3 d4 45. cxd4 Nxd4 46. Kh4 Ne2 47. Kg5 h4 48. Rh7 Nc3 49. Kf6 1-0

[Event "BCF-chT 0203 (4NCL)"]
[Site "West Bromwich"]
[Date "2003.03.08"]
[Round "5.3"]
[White "Pert, Richard G"]
[Black "Levitt, Jonathan"]
[Result "1/2-1/2"]
[WhiteElo "2378"]
[BlackElo "2419"]
[PlyCount "115"]
[EventDate "2002.11.??"]
[EventType "team"]
[EventRounds "11"]
[EventCountry "ENG"]
[SourceTitle "EXT 2004"]
[Source "ChessBase"]
[SourceDate "2003.11.25"]
[SourceVersion "1"]
[SourceVersionDate "2003.11.25"]
[SourceQuality "1"]
[WhiteTeam "BET"]
[BlackTeam "Wood Green II"]
[WhiteTeamCountry "ENG"]
[BlackTeamCountry "ENG"]

1. e4 e6 2. d4 d5 3. Nd2 c5 4. Ngf3 cxd4 5. Nxd4 Nc6 6. Bb5 Bd7 7. Nxc6 bxc6 8. Bd3 Bd6 9. 0-0 Qb8 10. h3 Ne7 11. c4 d4 12. Nb3 e5 13. c5 Bc7 14. Bc4 0-0 15. h4 a5 16. Bg5 Qe8 17. h5 h6 18. Bh4 Kh8 19. g4 Bd8 20. Bg3 Ng8 21. Nc1 Nf6 22. f3 Be6 23. Bxe6 Qxe6 24. Nd3 Nd7 25. Qa4 Be7 26. Rac1 Bg5 27. Rc2 Rfb8 28. b3 Rb5 29. Qc4 Qe7 30. Kg2 Be3 31. Rb1 Rab8 32. a4 R5b7 33. b4 axb4 34. Rcb2 Ra8 35. Rxb4 Rba7 36. Qc2 Qe6 37. Ra1 Bg5 38. Qa2 Qe8 39. Qc2 Bd8 40. Rab1 Qe6 41. Qb3 Qxb3 42. R1xb3 f6 43. f4 Bc7 44. fxe5 Bxe5 45. Bf2 Rxa4 46. Rxa4 Rxa4 47. Rb7 Ra3 48. Nxe5 Nxe5 49. Bxd4 Nxg4 50. Rd7 Kg8 51. Rd6 Rd3 52. Kf1 Rh3 53. Rxc6 Rxh5 54. Rd6 Ne5 55. c6 Nxc6 56. Rxc6 Rh4 57. Kg2 Rxe4 58. Bxf6 1/2-1/2